| 000 | 00721nam a2200265 i 4500 | ||
|---|---|---|---|
| 001 | 15468 | ||
| 003 | BD-RjUL | ||
| 005 | 20211208235825.0 | ||
| 008 | 140210s1978 enka 001 0 eng | ||
| 020 | _a0333214161 : | ||
| 035 | _a(BD-RjUL)15522 | ||
| 040 |
_aDLC _cDLC _dDLC _beng |
||
| 041 | _aeng | ||
| 082 | 0 | 0 |
_a658.1552 _bBEM 1978 |
| 100 | 1 |
_aBentley, Trevor J. _948047 |
|
| 245 | 1 | 0 |
_aMaking cost-control work / _cTrevor J. Bentley. |
| 260 |
_aLondon ; _aNew York : _bMacmillan, _c1978. |
||
| 300 |
_a152 p. : _bill. ; _c22 cm. |
||
| 504 | _aIncludes index. | ||
| 650 | 0 |
_aCost control. _948048 |
|
| 650 | 0 |
_aCost accounting. _948049 |
|
| 942 |
_2ddc _cBK |
||
| 999 |
_c15468 _d15468 |
||